Kynurenine metabolism in multiple sclerosis

Objective - Excitatory amino acid receptors are involved in the normal physiology of the brain, and may play a role in the pathogenesis of neurological disorders such as Huntington's disease, Parkinson's disease, amyotrophic lateral sclerosis, etc. It has been demonstrated that the blockad...

Teljes leírás

Elmentve itt :
Bibliográfiai részletek
Szerzők: Hartai Zsuzsanna
Klivényi Péter
Janáky Tamás
Penke Botond
Dux László
Vécsei László
Dokumentumtípus: Cikk
Megjelent: 2005
Sorozat:ACTA NEUROLOGICA SCANDINAVICA 112 No. 2
doi:10.1111/j.1600-0404.2005.00442.x

mtmt:1032197
Online Access:http://publicatio.bibl.u-szeged.hu/10087
LEADER 02495nab a2200265 i 4500
001 publ10087
005 20190325103248.0
008 161209s2005 hu o 0|| zxx d
022 |a 0001-6314 
024 7 |a 10.1111/j.1600-0404.2005.00442.x  |2 doi 
024 7 |a 1032197  |2 mtmt 
040 |a SZTE Publicatio Repozitórium  |b hun 
041 |a zxx 
100 1 |a Hartai Zsuzsanna 
245 1 0 |a Kynurenine metabolism in multiple sclerosis  |h [elektronikus dokumentum] /  |c  Hartai Zsuzsanna 
260 |c 2005 
300 |a 93-96 
490 0 |a ACTA NEUROLOGICA SCANDINAVICA  |v 112 No. 2 
520 3 |a Objective - Excitatory amino acid receptors are involved in the normal physiology of the brain, and may play a role in the pathogenesis of neurological disorders such as Huntington's disease, Parkinson's disease, amyotrophic lateral sclerosis, etc. It has been demonstrated that the blockade of one of these receptors ameliorates the symptoms of experimental allergic encephalomyelitis, an animal model of multiple sclerosis (MS). In a recent study, a decreased level of kynurenic acid was found in the cerebrospinal fluid of patients with MS. The only known endogenous excitotoxin receptor antagonist is the tryptophan metabolite kynurenic acid. Another metabolite is quinolinic acid, which exerts different action: it is an excitotoxin receptor agonist. The ratio of these two metabolites is determined by the activities of kynurenine aminotransferase I and II (KAT I and KAT II). In this study, we measured the activities of these enzymes and the concentration of kynurenic acid in the red blood cells (RBC) and in the plasma of patients with MS. KAT activities were detected both in the RBC and in the plasma. As compared with the control subjects, the KAT I and KAT II activities were significantly higher in the RBC of the patients. The concentration of kynurenic acid is elevated in the plasma of MS patients, and there is a tendency to an elevation in the RBC. These changes may indicate a compensatory protective mechanism against excitatory neurotoxic effects. Our data demonstrate the involvement of the kynurenine system in the pathogenesis of MS, which may predict a novel therapeutic intervention. 
700 0 1 |a Klivényi Péter  |e aut 
700 0 1 |a Janáky Tamás  |e aut 
700 0 1 |a Penke Botond  |e aut 
700 0 1 |a Dux László  |e aut 
700 0 1 |a Vécsei László  |e aut 
856 4 0 |u http://publicatio.bibl.u-szeged.hu/10087/1/Hartai_et_al_2005_Acta_Neurologica_Scandinavica_u.pdf  |z Dokumentum-elérés